[Event "91st UKR-ch"]
[Site "Poltava UKR"]
[Date "2023.12.16"]
[Round "8.8"]
[White "Ovcharov, Taras"]
[Black "Ship, Yaroslav"]
[WhiteElo "1976"]
[BlackElo "1889"]
[Result "0-1"]
[EventDate "2023.12.09"]
[PlyCount "164"]

1. e4 c5 2. c3 d5 3. exd5 Qxd5 4. d4 Nf6 5. Nf3 Bg4 6. dxc5 Qxc5 7. Be3 Qc7 8. h3 Bf5 9. Na3 a6 10. Qa4+ Nbd7 11. Nd4 Be4 12. O-O-O b5 13. Qb3 Nc5 14. Qb4 e6 15. Ndxb5 axb5 16. Bxb5+ Ncd7 17. Rxd7 Nxd7 18. Qxe4 Rd8 19. Nc4 Bc5 20. Bf4 Qa7 21. Ne5 O-O 22. Nxd7 Rxd7 23. Bxd7 Qxd7 24. Be3 Bxe3+ 25. Qxe3 Qd5 26. f3 Qxa2 27. Qd3 Rb8 28. Qc2 Rd8 29. Re1 Qa1+ 30. Qb1 Qa7 31. Qe4 Qd7 32. Qe2 Qa4 33. Qe4 Qd7 34. Qe2 Qa4 35. Kb1 Ra8 36. Qe4 Qa2+ 37. Kc1 Rb8 38. Qb1 Qa7 39. Re2 Rd8 40. b4 Qa6 41. Qb2 Qc4 42. Qc2 f5 43. Rd2 Ra8 44. Qb2 h6 45. Kd1 e5 46. Ke1 Kh8 47. Kf2 Rc8 48. Rc2 e4 49. fxe4 fxe4 50. Kg1 e3 51. Re2 Rd8 52. Rxe3 Rd1+ 53. Kh2 Qf4+ 54. Rg3 Rd3 55. Qf2 Qxf2 56. Rxd3 Qf4+ 57. Kg1 Qc4 58. Rf3 h5 59. Kf2 g5 60. Ke1 Kg7 61. Kf2 Kg6 62. Kg3 Qe2 63. Kh2 Qe5+ 64. Kg1 g4 65. hxg4 hxg4 66. Rd3 Qe1+ 67. Kh2 Qh4+ 68. Kg1 g3 69. Rf3 Qh2+ 70. Kf1 Qh1+ 71. Ke2 Qxg2+ 72. Ke3 Qh2 73. Rxg3+ Qxg3+ 74. Kd4 Qd6+ 75. Kc4 Qc6+ 76. Kb3 Kf6 77. c4 Ke7 78. b5 Qc5 79. Ka4 Qxc4+ 80. Ka5 Qc7+ 81. b6 Qb7 82. Kb5 Kd6 0-1

[Event "91st UKR-ch"]
[Site "Poltava UKR"]
[Date "2023.12.17"]
[Round "9.1"]
[White "Maximov, Dmitry"]
[Black "Bakhmatskyi, Vladyslav"]
[WhiteElo "2491"]
[BlackElo "2465"]
[Result "1-0"]
[EventDate "2023.12.09"]
[PlyCount "79"]

1. e4 e5 2. Nf3 Nc6 3. Bb5 a6 4. Ba4 Nf6 5. O-O Be7 6. Re1 b5 7. Bb3 d6 8. c3 O-O 9. h3 Nb8 10. d4 Nbd7 11. Nbd2 Bb7 12. Bc2 Re8 13. Nf1 Bf8 14. Ng3 g6 15. Bg5 h6 16. Bd2 Bg7 17. Qc1 Kh7 18. a4 c5 19. d5 c4 20. Be3 Qc7 21. Qd2 Nc5 22. Ra3 Nfd7 23. Rf1 Nb6 24. axb5 axb5 25. Rxa8 Rxa8 26. h4 Nbd7 27. h5 Qd8 28. hxg6+ fxg6 29. Kh2 Nf6 30. Bxc5 dxc5 31. Nxe5 Nxe4 32. Qf4 Bxe5 33. Qf7+ Kh8 34. Bxe4 Qh4+ 35. Kg1 Bxg3 36. fxg3 Qxe4 37. Qxb7 Rg8 38. Rf7 g5 39. Qc6 Qb1+ 40. Rf1 1-0

[Event "91st UKR-ch"]
[Site "Poltava UKR"]
[Date "2023.12.17"]
[Round "9.10"]
[White "Kolb, Denys"]
[Black "Ovcharov, Taras"]
[WhiteElo "1551"]
[BlackElo "1976"]
[Result "1/2-1/2"]
[EventDate "2023.12.09"]
[PlyCount "73"]

1. d4 b6 2. c4 Bb7 3. Nc3 e6 4. Nf3 Bb4 5. e3 Nf6 6. Bd3 Ne4 7. Bxe4 Bxe4 8. O-O Bb7 9. Re1 f5 10. d5 Bxc3 11. bxc3 Qe7 12. Qb3 e5 13. Ba3 d6 14. Nd4 O-O 15. Ne6 Re8 16. c5 Na6 17. cxd6 cxd6 18. c4 Bc8 19. Rad1 Bxe6 20. dxe6 Nc5 21. Bxc5 bxc5 22. Qd3 Qxe6 23. Qxd6 Qxc4 24. Rc1 Qxa2 25. Rxc5 Qe6 26. Qxe6+ Rxe6 27. Rd1 Kf7 28. Rd7+ Re7 29. Rdd5 Kf6 30. g3 g5 31. Kf1 g4 32. Kg2 h5 33. h4 gxh3+ 34. Kxh3 Rg8 35. Ra5 Rg4 36. Ra6+ Kg7 37. Rda5 1/2-1/2

[Event "91st UKR-ch"]
[Site "Poltava UKR"]
[Date "2023.12.17"]
[Round "9.2"]
[White "Lymar, Vladislav"]
[Black "Berin, Artem"]
[WhiteElo "2135"]
[BlackElo "2321"]
[Result "0-1"]
[EventDate "2023.12.09"]
[PlyCount "160"]

1. d4 Nf6 2. c4 e6 3. Bf4 d5 4. cxd5 Nxd5 5. Bg3 h5 6. h3 h4 7. Bh2 c5 8. e4 Nb6 9. Nf3 Nc6 10. Bb5 cxd4 11. a3 a6 12. Bd3 Nd7 13. Nbd2 e5 14. b4 b5 15. O-O Be7 16. Ne1 O-O 17. Nb3 Bb7 18. Rc1 Rc8 19. f4 exf4 20. Bxf4 Nde5 21. Nf3 Ng6 22. Bh2 Bd6 23. Bxd6 Qxd6 24. Rc5 Nce5 25. Nfxd4 Nxd3 26. Qxd3 Rce8 27. Qc3 Bxe4 28. Rg5 Re5 29. Nc5 Rxg5 30. Nxe4 Rxg2+ 31. Kxg2 Qd5 32. Qe3 f5 33. Nxf5 Rxf5 34. Rxf5 Qxf5 35. Nf2 Ne5 36. Ne4 Kh7 37. Nf2 Nc4 38. Qd4 Qg5+ 39. Kf1 Ne3+ 40. Ke2 Nf5 41. Qd3 Qg6 42. Qd7 Ng3+ 43. Kf3 Qf6+ 44. Kg2 Qf5 45. Qd4 Qg5 46. Ng4 Qg6 47. Kh2 Qe4 48. Qd1 Nf5 49. Qf1 Nd4 50. Qf2 Qc2 51. Kg2 Qxf2+ 52. Nxf2 Nc2 53. Nd3 Kg6 54. Nc5 Kf5 55. Kf3 Nxa3 56. Nxa6 Nc2 57. Nc7 Nd4+ 58. Ke3 Ke5 59. Ne8 g6 60. Nc7 g5 61. Ne8 Kd5 62. Kd3 Ne6 63. Ke3 Kc4 64. Kf3 Kxb4 65. Nd6 Kc5 66. Ne4+ Kd4 67. Nd2 b4 68. Kg4 Kd3 69. Nb3 Kc2 70. Na5 b3 71. Kf5 b2 72. Nc4 b1=Q 73. Na3+ Kb2+ 74. Nxb1 Kxb1 75. Kxe6 g4 76. hxg4 h3 77. g5 h2 78. g6 h1=Q 79. g7 Qb7 80. Kf6 Qd5 0-1

[Event "91st UKR-ch"]
[Site "Poltava UKR"]
[Date "2023.12.17"]
[Round "9.3"]
[White "Pavlov, Sergey"]
[Black "Stepanov, Vadim"]
[WhiteElo "2474"]
[BlackElo "1853"]
[Result "1/2-1/2"]
[EventDate "2023.12.09"]
[PlyCount "58"]

1. e4 c5 2. Nf3 Nc6 3. d4 cxd4 4. Nxd4 g6 5. c4 Nf6 6. Nc3 d6 7. f3 Nxd4 8. Qxd4 Bg7 9. Be3 O-O 10. Qd2 Be6 11. Rc1 Rc8 12. Nb5 a6 13. Nd4 Bd7 14. Be2 Qc7 15. O-O Rfd8 16. b3 Bc6 17. a4 b6 18. a5 bxa5 19. Nxc6 Qxc6 20. Qxa5 Nd7 21. b4 Qc7 22. Qxc7 Rxc7 23. c5 dxc5 24. bxc5 Nb8 25. Rfd1 Rdc8 26. Rc2 h5 27. Ra2 Bc3 28. Ra4 a5 29. Rc4 Bb4 1/2-1/2

[Event "91st UKR-ch"]
[Site "Poltava UKR"]
[Date "2023.12.17"]
[Round "9.4"]
[White "Ship, Yaroslav"]
[Black "Polulikh, Bogdan"]
[WhiteElo "1889"]
[BlackElo "2346"]
[Result "1/2-1/2"]
[EventDate "2023.12.09"]
[PlyCount "155"]

1. e4 e5 2. Nf3 Nc6 3. Bb5 a6 4. Ba4 Nf6 5. O-O Nxe4 6. d4 b5 7. Bb3 d5 8. dxe5 Be6 9. c3 Be7 10. Nbd2 Nc5 11. Bc2 d4 12. Nb3 d3 13. Bb1 Nxb3 14. axb3 Bf5 15. Re1 O-O 16. Be3 Qd5 17. Bd4 d2 18. Re2 Bxb1 19. Rxb1 Nxd4 20. Nxd4 Bg5 21. e6 Rfe8 22. f4 Bxf4 23. Qf1 Rxe6 24. Rxe6 fxe6 25. Qxf4 c5 26. Qxd2 cxd4 27. Qxd4 Qxb3 28. Rf1 Qd5 29. Qg4 h6 30. Rd1 Qe5 31. h3 Rf8 32. Rd7 Rf7 33. Rxf7 Kxf7 34. Qf3+ Kg6 35. b4 Qd5 36. Qg3+ Kh7 37. Qe3 e5 38. Kf2 e4 39. Qf4 Kg6 40. Qg4+ Kf6 41. Qf4+ Ke6 42. Qe3 Qa2+ 43. Kg3 Qc2 44. Qb6+ Kf5 45. Qc5+ Kg6 46. Qb6+ Kh5 47. Qc5+ g5 48. Qe5 Qd3+ 49. Kh2 Qe3 50. g3 Qd2+ 51. Kg1 Qd7 52. Qxe4 Qxh3 53. Qf3+ Kg6 54. Qc6+ Kf7 55. Qb7+ Ke8 56. Qa8+ Ke7 57. Qb7+ Qd7 58. Qxa6 Qd1+ 59. Kg2 Qe2+ 60. Kg1 h5 61. Qg6 Qe5 62. Kg2 g4 63. Qh7+ Kd6 64. Qg6+ Qe6 65. Qc2 Qf7 66. Kh2 Qf6 67. Qd3+ Kc6 68. Qe4+ Kb6 69. Qe3+ Ka6 70. Qc5 Qb6 71. Qc8+ Ka7 72. Qd7+ Qb7 73. Qd4+ Ka6 74. c4 Qe7 75. c5 Qe2+ 76. Kg1 Qe1+ 77. Kg2 Qe2+ 78. Kg1 1/2-1/2

[Event "91st UKR-ch"]
[Site "Poltava UKR"]
[Date "2023.12.17"]
[Round "9.5"]
[White "Goroshchenko, Dmitry"]
[Black "Babayev, Murad"]
[WhiteElo "2193"]
[BlackElo "1896"]
[Result "1-0"]
[EventDate "2023.12.09"]
[PlyCount "111"]

1. e4 c5 2. Nf3 d6 3. d4 cxd4 4. Nxd4 Nf6 5. Nc3 a6 6. Bg5 Nbd7 7. Qd2 Qc7 8. O-O-O h6 9. Bh4 g6 10. f3 Bg7 11. g4 b5 12. Kb1 Bb7 13. g5 hxg5 14. Bxg5 Rc8 15. h4 b4 16. Nce2 e5 17. Bxf6 Nxf6 18. Nb3 Nxe4 19. fxe4 Bxe4 20. Bh3 Qxc2+ 21. Ka1 Qxd2 22. Nxd2 Bxh1 23. Bxc8 Rxh4 24. Bxa6 Ke7 25. Nc4 d5 26. Ne3 d4 27. Nc2 Bf3 28. Re1 Kd6 29. Nxb4 Re4 30. Nc2 Bxe2 31. Bxe2 Bh6 32. Bd3 Rxe1+ 33. Nxe1 f5 34. Kb1 e4 35. Be2 Bd2 36. Nd3 g5 37. Kc2 Ba5 38. b4 Bc7 39. Kd2 Kd5 40. Nb2 f4 41. Ba6 f3 42. Bb7+ Ke5 43. Nd3+ Kf5 44. Bc8+ Kf6 45. Bg4 e3+ 46. Kd1 f2 47. Ke2 Ke7 48. Bh3 Kd6 49. Bg2 Bd8 50. Nc1 Kc7 51. Kd3 Bf6 52. Ne2 g4 53. Bf1 g3 54. Nxg3 Kb6 55. a4 Be7 56. Kc4 1-0

[Event "91st UKR-ch"]
[Site "Poltava UKR"]
[Date "2023.12.17"]
[Round "9.6"]
[White "Mukha, Nikolay"]
[Black "Dehtiarov, Roman"]
[WhiteElo "2122"]
[BlackElo "2320"]
[Result "0-1"]
[EventDate "2023.12.09"]
[PlyCount "70"]

1. d4 Nf6 2. c4 e6 3. Nc3 Bb4 4. e3 b6 5. Nge2 Ba6 6. a3 Be7 7. Nf4 d5 8. Qf3 c6 9. b3 O-O 10. Be2 Nbd7 11. cxd5 Bxe2 12. Qxe2 exd5 13. O-O Bd6 14. Qf3 Re8 15. Bb2 Qe7 16. g3 g5 17. Nh5 Qe6 18. Nxf6+ Nxf6 19. Rac1 h5 20. Nd1 Rac8 21. Qg2 Kg7 22. f3 g4 23. b4 Rh8 24. fxg4 hxg4 25. Qe2 Rh5 26. Rxf6 Kxf6 27. Nf2 Rch8 28. Rxc6 Ke7 29. Nxg4 f5 30. Ne5 Rxh2 31. Qa6 Rh1+ 32. Kg2 R8h2+ 33. Kf3 Rxb2 34. Qxa7+ Kf6 35. Qa6 Rhh2 0-1

[Event "91st UKR-ch"]
[Site "Poltava UKR"]
[Date "2023.12.17"]
[Round "9.7"]
[White "Alexikov, Alexander"]
[Black "Demenyuk, Vladislav"]
[WhiteElo "2209"]
[BlackElo "1751"]
[Result "1/2-1/2"]
[EventDate "2023.12.09"]
[PlyCount "40"]

1. e4 e5 2. Nf3 Nf6 3. Nc3 Nc6 4. Bb5 Bc5 5. O-O d6 6. d4 exd4 7. Nxd4 Bd7 8. Nb3 Bb6 9. Na4 O-O 10. Nxb6 axb6 11. f3 h6 12. Be3 Na5 13. Bd3 Nxb3 14. axb3 Qe7 15. Re1 Bc6 16. c4 Rxa1 17. Qxa1 Qe5 18. Qc1 Ra8 19. Qc3 Qxc3 20. bxc3 Ra3 1/2-1/2

[Event "91st UKR-ch"]
[Site "Poltava UKR"]
[Date "2023.12.17"]
[Round "9.8"]
[White "Lyakh, Vasiliy"]
[Black "Eropunov, Gleb"]
[WhiteElo "1968"]
[BlackElo "1961"]
[Result "1-0"]
[EventDate "2023.12.09"]
[PlyCount "81"]

1. d4 Nf6 2. Nf3 d5 3. c4 e6 4. g3 Be7 5. Bg2 O-O 6. O-O Nbd7 7. Qc2 a5 8. Rd1 h6 9. b3 c6 10. Nbd2 b6 11. e4 Bb7 12. e5 Ne8 13. cxd5 cxd5 14. Nf1 Ba6 15. Qd2 Bb4 16. Qe3 Rc8 17. Bd2 Qe7 18. g4 f6 19. Bxb4 axb4 20. Rac1 Nc7 21. Ng3 Nb5 22. Bf1 Rc3 23. Bd3 fxe5 24. Nxe5 Nxe5 25. Qxe5 Qf7 26. Qe3 Rfc8 27. Ne2 Rxc1 28. Rxc1 Rxc1+ 29. Nxc1 Qf6 30. Ne2 Nc7 31. Bxa6 Nxa6 32. Qc1 Qd8 33. Qc6 Kh7 34. Nf4 Nc7 35. Qxb6 Qe7 36. Nd3 Ne8 37. Qxb4 Qc7 38. Qc5 Qb7 39. Ne5 Kg8 40. Qc6 Qe7 41. Qd7 1-0

[Event "91st UKR-ch"]
[Site "Poltava UKR"]
[Date "2023.12.17"]
[Round "9.9"]
[White "Tretyak, Kyryl"]
[Black "Kovalenko, Vladimir"]
[WhiteElo "1803"]
[BlackElo "2007"]
[Result "1-0"]
[EventDate "2023.12.09"]
[PlyCount "115"]

1. d4 Nf6 2. c4 e5 3. dxe5 Ng4 4. Nf3 Nc6 5. Bf4 Bb4+ 6. Nbd2 Qe7 7. a3 Ngxe5 8. Nxe5 Nxe5 9. e3 Bxd2+ 10. Qxd2 d6 11. Be2 O-O 12. O-O b6 13. b4 a5 14. c5 axb4 15. cxd6 Qxd6 16. Qxb4 Qe6 17. Qc3 Ng6 18. Bxc7 Ba6 19. Bxa6 Rxa6 20. Qd4 Rc8 21. Rfb1 Qc6 22. Rc1 Qb7 23. h3 Nf8 24. Bd6 Ne6 25. Qb4 Rd8 26. Rd1 b5 27. Be5 Rxd1+ 28. Rxd1 Ra4 29. Qb3 Rc4 30. Bb2 Qc6 31. Rd2 h6 32. Qd1 Qc8 33. Rd5 Qc6 34. Qd3 Rc5 35. Rd6 Qc7 36. Ra6 Qb7 37. Qd6 Rd5 38. Rb6 Rd1+ 39. Kh2 Qa7 40. Rb8+ Kh7 41. Qe5 Rd5 42. Qe4+ f5 43. Qxd5 Qxb8+ 44. g3 Qe8 45. Qxf5+ Kg8 46. Qd5 Kh8 47. f4 Nc7 48. Qd6 Ne6 49. f5 Qd8 50. Qxd8+ Nxd8 51. g4 Nc6 52. Bc3 Ne7 53. e4 Nc8 54. e5 Nb6 55. e6 Kg8 56. Kg3 Nd5 57. Bb4 Nf6 58. Kf4 1-0